| 000 | 00626nam a22002177a 4500 | ||
|---|---|---|---|
| 003 | BUBTL | ||
| 008 | 171106b xxu||||| |||| 00| 0 eng d | ||
| 020 | _a9788131754269 | ||
| 082 | _a658.3/ D472h/ 2011 | ||
| 100 |
_9485 _a Dessler, Gary |
||
| 245 |
_aHuman Resource Management: _cGary Dessler, Biju Varkkey |
||
| 250 | _a12th | ||
| 260 |
_aNew Delhi _bPrentice Hall _cc2011 |
||
| 300 |
_a[xxv], 736p . : _bill. Chart, Graph ; 28cm . |
||
| 500 | _aIncludes Index . | ||
| 650 | 0 |
_939 _aManagement |
|
| 700 |
_aBiju Varkkey _94390 |
||
| 856 |
_k0 _l0 _yDownload |
||
| 942 |
_2ddc _cBK |
||
| 999 |
_c5542 _d5542 |
||